Fluorine and health : molecular imaging, biomedical materials and pharmaceuticals
Αποθηκεύτηκε σε:
| Άλλοι συγγραφείς: | , |
|---|---|
| Μορφή: | Βιβλίο |
| Γλώσσα: | English |
| Δημοσίευση: |
Amsterdam :
Elsevier,
2008.
|
| Θέματα: | |
| Ετικέτες: |
Προσθήκη ετικέτας
Δεν υπάρχουν, Καταχωρήστε ετικέτα πρώτοι!
|
MARC
| LEADER | 00000cam a2200000 i 4500 | ||
|---|---|---|---|
| 001 | 1/102469 | ||
| 008 | 090310s2008 eng d | ||
| 020 | |a 978-0-444-53086-8 | ||
| 035 | |l 10103673 | ||
| 040 | |a GR-MY-UA |b gre |e aacr | ||
| 041 | 0 | |a eng | |
| 082 | 0 | |a 616.075 |2 (22) | |
| 245 | 1 | 0 | |a Fluorine and health : |b molecular imaging, biomedical materials and pharmaceuticals / |c edited by Alain Tressaud, Gnter Haufe. |
| 260 | |a Amsterdam : |b Elsevier, |c 2008. | ||
| 300 | |a xiv, 792 σ., [14] φύλλα πινάκων : |b εικ. (μερ. έγχρ.) ; |c 25 εκ. | ||
| 504 | |a Περιέχει βιβλιογραφικές παραπομπές και ευρετήριο. | ||
| 650 | 0 | 0 | |a Fluorine |x Physiological effect. |
| 650 | 0 | 0 | |a Fluorine |x Health aspects. |
| 650 | 0 | 0 | |a Diagnostic imaging. |
| 650 | 0 | 0 | |a Biomedical materials. |
| 650 | 0 | 0 | |a Pharmaceutical chemistry. |
| 700 | 1 | |a Tressaud, Alain, |e edt | |
| 700 | 1 | |a Haufe, Gunter, |e edt | |
| 852 | |a INST |b LESVOS |e 20090310 |h 616.075 FLU |p 005100044457 |q 005100044457 |t BK |y 0 | ||
| 901 | |a BIBL1-2009-1 | ||
| 909 | |a Λ |b 153914 | ||
| 922 | |a 1ΕΛΗ |b 200809 |c ΕΠΕΑΕΚ2/ΤΠ |d ΜΙΧΑΛΟΠΟΥΛΟΣ | ||
| 970 | |a ΚΑΡΑ |b ΓΙΑΣΕΜΗ |z 2009/03/10 | ||